000 00277nam a2200097Ia 4500
008 220204s9999 xx 000 0 und d
082 _a058(540)
_bTIM
245 0 _aTimes of India directory of Bombay city and province. 1943
260 _aBombay
_bTimes of India
_c1943
942 _cBK
999 _c19842
_d19842